Diccionario de antigüedades del Reino de Navarra / (Record no. 168044)

MARC details
000 -LEADER
campo de control de longitud fija 00810nam a2200193 i 4500
001 - NÚMERO DE CONTROL
campo de control 168044
003 - IDENTIFICADOR DE NÚMERO DE CONTROL
campo de control ES-MaACL
005 - FECHA Y HORA DE LA ÚLTIMA TRANSACCIÓN
campo de control 20230906213650.0
008 - DATOS DE LONGITUD FIJA--INFORMACIÓN GENERAL
campo de control de longitud fija 950110s1840 sp |||| | spa d
040 ## - FUENTE DE CATALOGACIÓN
Centro catalogador/agencia de origen EUS
Lengua de catalogación spa
Centro/agencia transcriptor EUS
100 1# - ENTRADA PRINCIPAL--NOMBRE DE PERSONA
Nombre de persona Yanguas y Miranda, José.
9 (RLIN) 117557
245 10 - MENCIÓN DEL TÍTULO
Título Diccionario de antigüedades del Reino de Navarra /
Mención de responsabilidad, etc. por José Yanguas y Miranda.
260 ## - PUBLICACIÓN, DISTRIBUCIÓN, ETC.
Lugar de publicación, distribución, etc. Pamplona :
Nombre del editor, distribuidor, etc. [s.n.],
Fecha de publicación, distribución, etc. 1840 (
Fabricante Imprenta de Javier Goyeneche)
300 ## - DESCRIPCIÓN FÍSICA
Extensión 3 v. ;
Dimensiones 21 cm.
505 8# - NOTA DE CONTENIDO CON FORMATO
Nota de contenido con formato T.I. A-F (VIII, 588, [1] p.) -- t.II. G-P (784, [1] p.) -- t.III. Q-Z (542, [22] p.).
596 ## - NOTA AL PIE DE IMPRENTA
NOTA AL PIE DE IMPRENTA T. II impreso por ¨Imprenta de Francisco Erasun¨ y t. III por ¨Imprenta de José Imaz y Gadea.
651 #4 - PUNTO DE ACCESO ADICIONAL DE MATERIA--NOMBRE GEOGRÁFICO
Nombre geográfico Navarra (Reino)-
Subdivisión general Historia.
9 (RLIN) 9115
852 ## - LOCALIZACIÓN
Ubicación ES-MaACL
Número de control de estantería R-3071-73
Encuadernación Olim:C-343-345
Nota libre -- Enc. hol.
Holdings
Estatus retirado Estado de pérdida Estado de daño No para préstamo Colección Biblioteca de origen Biblioteca actual Ubicación en estantería Fecha de adquisición Total de préstamos Signatura topográfica completa Código de barras Visto por última vez Precio de reemplazo Tipo de ítem Koha
        Colección de referencia Biblioteca del Ateneo de Madrid Biblioteca del Ateneo de Madrid Depósito 17/01/2008   R-3071-73 1176297 23/02/2023 23/02/2023 Libro impreso antiguo